01348 2200289 4500001002100000005001500021035002000036007000300056008004100059020002200100082001000122084001900132100001800151245015200169250003500321300003700356650002200393700002700415700003100442700003000473520043700503264002800940336002100968337003000989338002301019990001601042INLIS00000000116334620240828015148 a0010-0823000014ta240828 b j ind  a978-623-6414-73-6 a2x9.2 aSR 2x9.2 FAJ k0 aFajriatun Nur1 aKhulafaur Rasyidin :bmencintai orang-orang yang sangat dicintai Rasulullah /cFajriatun Nur; penyunting, Imran Laha, Andini Aprilia, Lia Oktaviani aCetakan pertama: November 2021 a88 halaman :bilustrasi ;c19 cm 4aKhulafaurrasyidin0 aImran Lahaepenyunting0 aAndini Apriliaepenyunting0 aLia Oktavianiepenyunting aKisah empat orang sahabat yang bergelar Khulafaur Rasyidin ini harus kita ketahui dan dijadikan teladan untuk pedoman kehidupan anak di dunia dan di akhirat kelak, juga sebagai bukti bahwa kita juga mencintai orang-orang yang sangat dicintai Rasulullah tersebut. Buku ini dilengkapi tata bahasa yang sangat mudah dipahami sehingga anak mampu mempelajari dan menangkap pengetahuan seputar akhlak dan kesederhanaan Ali bin Abi Thalib. aJakarta :bKanak,c2021 2rdacontentateks 2rdamediaatanpa perantara 2rdacarrieravolume a52131.64951